Statistics for We Are Never Ever Getting Back Together (TV)-Taylor Swift (All Lyrics)

Click here to take the quiz!

General Stats

  • This quiz has been taken 51 times
  • The average score is 311 of 373

Answer Stats

Lyrics% Correct
we
100%
We
100%
(We)
100%
a
98%
I
98%
"I
98%
you,"
98%
you"
98%
you,
98%
You
98%
you
98%
to
95%
(To
95%
are
93%
never,
93%
"Never
93%
never"
93%
never
93%
together
93%
your
93%
back
91%
ever
91%
(Ever)
91%
ever,
91%
Gettin'
91%
gettin'
91%
me
91%
me)
91%
me"
91%
me,
91%
And
89%
and
89%
like,
89%
Like,
89%
love
89%
my
89%
say
89%
say,
89%
the
89%
up,
89%
up
89%
When
89%
when
89%
But
86%
but
86%
'Cause,
86%
time
86%
time,
86%
broke
84%
friends,
84%
go
84%
I'm,
84%
I'm
84%
it,
84%
it
84%
Remember
84%
remember
84%
said
84%
this
84%
"This
84%
had
82%
in
82%
is
82%
so
82%
Then
82%
what?
82%
enough"
80%
hate
80%
needed
80%
(Oh)
80%
oh
80%
space,
80%
(Talk
80%
talk
80%
first
77%
for
77%
last
77%
miss
77%
of
77%
"Baby,
75%
call
75%
tellin'
75%
again
73%
around
73%
break
73%
each
73%
he
73%
I've
73%
month
73%
night,
73%
Sayin',
73%
seen
73%
that
73%
change,
70%
day?
70%
other
70%
trust
70%
off
68%
called
66%
gonna
66%
hadn't
66%
how
66%
mine
66%
swear
66%
lasted
64%
some
64%
were
64%
calls
61%
getting
61%
he's
61%
much
61%
(No)
61%
no
61%
really
61%
still
61%
than
61%
think
61%
tonight,
61%
used
61%
forever,
59%
that's
59%
With
59%
cooler
57%
exhausting,
57%
indie
57%
just,
57%
know?
57%
mind
57%
record
57%
yeah
57%
(Yeah)
57%
(Yeah),
57%
fights
55%
pickin'
55%
right
55%
Ooh
52%
ooh
52%
Ooh,
52%
(Ooh)
52%
(Ooh),
52%
would
52%
away
50%
screaming
50%
fallin'
48%
mean,
48%
peace
48%
find
45%
hide
45%
Ugh,
36%
(Haha)
9%

Score Distribution

Percentile by Number Answered

Percent of People with Each Score

Your Score History

You have not taken this quiz